Statistics for Former Non-Member Observer States of the United Nations

Click here to take the quiz!

General Stats

  • This quiz has been taken 24 times
  • The average score is 6 of 16

Answer Stats

Years:Answer:% Correct
1946-2002Switzerland
72%
1973-1991North Korea
61%
1949-1991South Korea
56%
1972-1973East Germany
50%
1975-North Vietnam
50%
1952-South Vietnam
50%
1952-1956Japan
44%
1952-1973West Germany
44%
1952-1955Austria
39%
1952-1955Italy
39%
1956-1993Monaco
33%
1955Spain
28%
1976-1977Vietnam
28%
1952-1955Finland
22%
1973-1974Bangladesh
17%
1962-1963Kuwait
11%

Score Distribution

Percentile by Number Answered

Percent of People with Each Score

Your Score History

You have not taken this quiz